Historia de Chile: desde la invasión incaica hasta nuestros días. 1500-2000
Gespeichert in:
| 1. Verfasser: | |
|---|---|
| Format: | Buch |
| Sprache: | Spanisch |
| Veröffentlicht: |
Santiago
Catalonia
2010
|
| Ausgabe: | 5a. ed |
| Schlagworte: | |
| Tags: |
Tag hinzufügen
Keine Tags, Fügen Sie den ersten Tag hinzu!
|
MARC
| LEADER | 00000cam a2200000 a 4500 | ||
|---|---|---|---|
| 001 | UCG9622 | ||
| 003 | CL-VaPUC | ||
| 008 | 120323e20100400CL |||||||||||||||||spa|d | ||
| 020 | |a 9568303049 | ||
| 082 | 0 | 4 | |a 983 |b RAM |2 21 |
| 100 | 0 | |a Ramón, Armando de |e author |9 466218 | |
| 245 | 1 | 0 | |a Historia de Chile: desde la invasión incaica hasta nuestros días. 1500-2000 |
| 250 | |a 5a. ed | ||
| 300 | |a 316 p | ||
| 942 | |c BK | ||
| 945 | |d 20120323 00:00:00 |a dcastane | ||
| 260 | |a Santiago |b Catalonia |c 2010 | ||
| 650 | 0 | |a Historia de Chile |9 265473 | |
| 583 | |a last modification |c 20131125 07:13:31 |k Rodrigo Vera | ||
| 999 | |c 347168 |d 347166 | ||